000 01281nam a22002177a 4500
001 8777
003 FISKH
005 20251020110619.0
008 251020b cb ||||| |||| 00| 0 eng d
040 _aFISKH
_bGer
_cFISKH
_dFISKH
050 _aPT2705.L73 B5313
082 _a833.92
100 _aElsber, Marc
245 _aBlackout : Morgen ist es zu spät /
_cMarc Elsberg
260 _aPolten :
_bBlanvalet,
_c2012.
300 _a799 pages : c
_c22 cm
520 _aWhen the lights go out one night, no one panics. Not yet. The lights always come back on soon, don't they? Surely it's a glitch, a storm, a malfunction. But something seems strange about this night. Across Europe, controllers watch in disbelief as electrical grids collapse. There is no power, anywhere. A former hacker and activist, Piero investigates a possible cause of the disaster. The authorities don't believe him, and he soon becomes a prime suspect himself. With the United States now also at risk, Piero goes on the run with Lauren Shannon, a young American CNN reporter based in Paris, desperate to uncover who is behind the attacks. After all, the power doesn't just keep the lights on--it keeps us alive.
650 _aAustrian literature
_vCyberterrorism
942 _2ddc
_cBK
_n0
999 _c8777
_d8777